Estadísticas para Picos más altos de españa

Haz click aquí para intentar la prueba.

Estadísticas generales

  • Esta prueba ha sido intentada 79 veces
  • La puntuación promedio es 8 de 53

Estadísticas de respuestas

Altitud (metros)PicoProvincia% Correcto
3718TeideSanta Cruz de Tenerife
100%
3479MulhacénGranada
93%
3404AnetoHuesca
76%
3396VeletaGranada
41%
3355Monte PerdidoHuesca
40%
2313MoncayoSoria/ Zaragoza
30%
2519Naranjo de Bulnes/ Picu UrrielluAsturias
30%
2591AlmanzorÁvila
21%
2427PeñalaraMadrid/ Segovia
21%
3371Posets/ LlardanaHuesca
20%
2648Torre CerredoLeón/ Asturias
20%
3143Pica d'EstatsLleida
19%
3308MaladetaHuesca
17%
2506PedraforcaBarcelona
13%
3328CilindroHuesca
11%
3366La AlcazabaGranada
11%
2913PuigmalGirona
11%
2228UrbiónSoria
11%
3146BalaitusHuesca
10%
3321PerdigueroHuesca
10%
2426Roque de los MuchachosSanta Cruz de Tenerife
10%
2136Siete PicosMadrid/ Segovia
10%
2188TelenoLeón
10%
2382La SagraGranada
9%
2167MáginaJaén
9%
2536Peña PrietaCantabria/ Palencia
9%
2613Peña ViejaCantabria
9%
2262San LorenzoLa Rioja
9%
2381Cabeza de Hierro MayorMadrid
7%
2135Cabeza de la YeguaLeón
7%
3065Garmo NegroHuesca
7%
2883Peña CollaradaHuesca
7%
2417Peña UbiñaLeón/ Asturias
7%
2567Torre de CadíLleida
7%
2642Torre del LlambriónLeón/ Asturias
7%
2514AlmirezAlmería
6%
2428Canchal de la CejaÁvila/ Salamanca
6%
2141CebolleraSoria/ La Rioja
6%
2611ChulloAlmería
6%
2912CotiellaHuesca
6%
2520CuravacasPalencia
6%
2450EspigüetePalencia
6%
2564La GalanaÁvila
6%
2291SerrotaÁvila
6%
3299ViñamalaHuesca
6%
2168Calar AltoAlmería
4%
2174CuchillonCantabria
4%
2348La MiraÁvila
4%
2596Peña Santa de CastillaLeón
4%
2262Pico del LoboGuadalajara
4%
2269Calar de Santa BárbaraGranada
3%
2247Morrón de la LagunillaAlmería
3%
2175Pico Tres MaresCantabria
3%

Distribución de puntuación

Porcentaje por número respondido

Porcentaje de gente con cada puntuación

Historial de tus puntuaciones

No has intentado esta prueba.